LEADER 01434oas 2200529 c 450 001 9910595063903321 005 20251106213014.0 011 $a2732-4184 035 $a(OCoLC)1328014355 035 $a(CONSER) 2023236970 035 $a(CKB)5860000000079297 035 $a(EXLCZ)995860000000079297 100 $a20200519a20219999 uy a 101 0 $aeng 135 $aur||||||||||| 181 $2rdacontent 182 $2rdamedia 183 $2rdacarrier 200 00$aActive travel studies 210 1$a[London]$cUniversity of Westminster Press$d2021- 215 $a1 online resource$cillustrations (colour) 300 $aRefereed/Peer-reviewed 300 $aSome issues have special subject focus 606 $aCycling$vPeriodicals 606 $aWalking$vPeriodicals 606 $aLocal transit$vPeriodicals 606 $aCycling$2fast$3(OCoLC)fst00885857 606 $aLocal transit$2fast$3(OCoLC)fst01001523 606 $aWalking$2fast$3(OCoLC)fst01170049 608 $aPeriodicals$2fast 615 0$aCycling 615 0$aWalking 615 0$aLocal transit 615 7$aCycling 615 7$aLocal transit 615 7$aWalking 676 $a388.4 801 0$bUKMGB 801 1$bUKMGB 801 2$bOCLCF 801 2$bCUV 801 2$bOCLCL 801 2$bOCLCQ 906 $aJOURNAL 912 $a9910595063903321 996 $aActive Travel Studies$92915699 997 $aUNINA